Statistics for Cricket T20 World Cup Semi Finalists

Click here to take the quiz!

General Stats

  • This quiz has been taken 144 times
  • The average score is 24 of 24

Answer Stats

YearTop 4% Correct
Australia
99%
Australia
99%
Australia
99%
2007India
99%
India
99%
India
99%
New Zealand
99%
New Zealand
99%
2009Pakistan
99%
Pakistan
99%
Pakistan
99%
Pakistan
99%
2016West Indies
99%
West Indies
99%
2012West Indies
99%
West Indies
99%
England
98%
2010England
98%
South Africa
98%
South Africa
98%
2014Sri Lanka
94%
Sri Lanka
94%
Sri Lanka
94%
Sri Lanka
94%

Score Distribution

Percentile by Number Answered

Percent of People with Each Score

Your Score History

You have not taken this quiz